History Quiz

Random History or Famous Quiz

Famous Peace Treaties Quiz Stats

 Plays Quiz Updated Sep 6, 2019

Score 0/15 Timer 06:00
2 Plays Today
Description Treaty % Correct
Formally ended the First World War.Treaty of Versailles
81.6%
Signed after Napoleon's defeat at the Battle of Waterloo.Fourth Treaty of Paris
55.7%
Agreement between Egypt and Israel brokered by Jimmy Carter.Camp David Accords
39%
Ended the War of 1812.Treaty of Ghent
28.8%
Ended the The Thirty Years' War and the Eighty Years' War.Peace of Westphalia
28%
Russia pulls out of World War I.Treaty of Brest-Litovsk
22.7%
Divided the world between Spain and Portugal.Treaty of Tordesillas
19.3%
Ended the Mexican-American War.Treaty of Guadalupe Hidalgo
18%
Description Treaty % Correct
Ended the War of the Spanish Succession.Treaty of Utrecht
15.5%
Ended the Russo-Japanese War.Treaty of Portsmouth
13.1%
Divided the territories of Charlemagne.Treaty of Verdun
11.3%
Created the independent country of the Vatican CityThe Lateran Treaty
9.3%
A series of treaties that attempt to formalize laws of war.Hague Conventions
7.6%
Forbids all nuclear explosions in all environments for military purposes.Comprehensive Test Ban Treaty
4.5%
Ended the Great Northern War between Sweden and Russia.Treaty of Nystad
3.3%

You're not logged in!

Compare scores with friends on all Sporcle quizzes.
OR
Log In

Sporcle TV

Today on Sporcle TV


Watch our educational content, quiz creation guides, and fun videos on Sporcle TV.

Show Comments

Extras

Top Quizzes Today


Score Distribution

Your Account Isn't Verified!

In order to create a playlist on Sporcle, you need to verify the email address you used during registration. Go to your Sporcle Settings to finish the process.

Report this User

Report this user for behavior that violates our Community Guidelines.

Details: